Name the Most Spoken Languages in Every Country with a Map - Statistics

General Stats
  • This quiz has been taken 233 times
  • The average score is 163 of 197
Answers on the Map
Answers color-coded by a green-red scale on the quiz's map according to % correct below.
 
Answer Stats
Country Language % Correct
Australia | Bahamas (the) | Barbados | +14 others English
100%
Argentina | Bolivia | Chile | +16 others Spanish
100%
Benin | Cameroon | Central African Republic | +9 others French
99%
Angola | Brazil | Mozambique | +2 others Portuguese
99%
Belarus | Kazakhstan | Russia Russian
99%
Algeria | Bahrain | Egypt | +16 others Arabic
98%
China Mandarin/ Putonghua/Guoyu
97%
Austria | Germany | Liechtenstein | Switzerland German
97%
India Hindi
97%
Italy | San Marino | Vatican City Italian
97%
Japan Japanese
97%
Taiwan Mandarin/ Putonghua/ Guoyu
97%
Poland Polish
96%
Belgium | Netherlands | Suriname Dutch
95%
North Korea | South Korea Korean
95%
Ukraine Ukrainian
95%
Denmark Danish
94%
Sweden Swedish
94%
Türkiye Turkish
94%
Finland Finnish
93%
Cyprus | Greece Greek
93%
Indonesia Indonesian
92%
Mongolia Mongolian
92%
Norway Norwegian
92%
Romania Romanian
92%
Moldova Romanian/Moldovan
92%
Thailand Thai
92%
Estonia Estonian
91%
Lithuania Lithuanian
91%
Slovenia Slovenian/Slovene
91%
Vietnam Vietnamese
91%
Albania | Kosovo Albanian
90%
Bulgaria Bulgarian
90%
Croatia Croatian
90%
Iceland Icelandic
90%
Latvia Latvian
90%
Slovakia Slovak
90%
Brunei | Malaysia Malay
89%
Montenegro Montenegrin/Serbian
89%
Nepal Nepali
89%
Serbia Serbian
89%
Tajikistan Tajik/Persian
89%
Bosnia and Herzegovina Bosnian
88%
Czech Republic Czech
88%
Hungary Hungarian
88%
Armenia Armenian
87%
Afghanistan Dari/Persian
87%
Iran Farsi/Persian
87%
Bangladesh Bengali
86%
Cambodia Khmer
86%
Philippines Tagalog
86%
Georgia Georgian
85%
Laos Lao/Laotian
85%
North Macedonia Macedonian
85%
Djibouti | Somalia Somali
83%
Kenya Swahili
82%
Tanzania Swahili/Kiswahili
82%
Azerbaijan Azerbaijani
81%
Turkmenistan Turkmen
79%
Uzbekistan Uzbek
79%
Bhutan Dzongkha
76%
Myanmar Burmese
75%
Haiti Haitian Creole/Creole
75%
Kyrgyzstan Kyrgyz
75%
Israel Hebrew
74%
South Africa Zulu
74%
Jamaica Jamaican Patois/Patois/ Jamaican Creole/ Creole
72%
Samoa Samoan
72%
Seychelles Seychellois Creole/Creole
72%
Mauritius Mauritian Creole/Creole
71%
Fiji Fijian
70%
Malta Maltese
67%
Ethiopia Amharic
66%
Sierra Leone Sierra Leonean Creole/ Sierra Leone Creole/ Creole/ Krio
66%
Guyana Guyanese Creole/Creole
66%
Trinidad and Tobago Trinidadian and Tobagonian Creole/ Trinidadian Creole/Tobagonian Creole/ Creole
64%
Cabo Verde Cape Verdean Creole/Creole
63%
Antigua and Barbuda Antiguan and Barbudan Creole/Antiguan Creole/ Barbudan Creole/ Creole
62%
Saint Lucia Saint Lucian Creole/ Creole
62%
Guinea-Bissau Guinea-Bissau Creole/Bissau-Guinean Creole/ Creole
62%
Madagascar Malagasy
62%
Tonga Tongan/Tonga
62%
Nauru Nauruan/Nauru
61%
Kiribati Gilbertese/Kiribati/ Kiribatese/ Tungaru
60%
Pakistan Punjabi
60%
Tuvalu Tuvaluan/Tuvalu
60%
Grenada Grenadian Creole English/Creole
59%
Rwanda Kinyarwanda/Orunyarwanda/ Ruanda/ Ikinyarwanda/ Urunyaruanda
59%
Palau Palauan/Belauan
58%
Lesotho Sesotho/ Sotho
54%
Marshall Islands Marshallese/Ebon
54%
Botswana Setswana/Tswana
52%
Sri Lanka Sinhala/Sinhalese
52%
Burundi Kirundi/Rundi
51%
Eritrea Tigrinya
51%
Paraguay Guarani
50%
Andorra Catalan
48%
Eswatini Swazi/Swati/ Siswati
47%
Papua New Guinea Tok Pisin/Pidgin
45%
Comoros Comorian/Shikomoro
42%
Senegal Wolof
41%
Niger Hausa
40%
Zimbabwe Shona
33%
Mali Bambara/Bamanakan/ Bamanan
30%
Vanuatu Bislama
30%
Maldives Dhivehi/Divehi
29%
Malawi Chewa/Chichewa/ Chinyanja/ Nyanja
28%
Ghana Akan
26%
Timor-Leste Tetun Dili/Tetum Dili/Tetun Prasa/Tetum Prasa/
26%
Burkina Faso Moore/More/ Mossi
19%
Solomon Islands Pijin/Pidgin
19%
South Sudan Dinka
18%
Gambia (the) Mandinka
17%
Zambia Bemba
13%
Namibia Oshiwambo/Ovambo/ Ambo
9%
Guinea Pular/Pulaar
7%
No matching quizzes found
Score Distribution
Percent of People with Each Score
Percentile by Number Answered
Your Score History
You have not taken this quiz